Loading...
| History - World History | 1 | 4 | 1 | 2 | 50 | 63 | 92.60 | 4 | 5 |
| History - American History | 0 | 5 | 1 | 1 | 45 | 69 | 88.80 | 2 | 5 |
| History - European History | 1 | 2 | 1 | 0 | 30 | 48 | 69.00 | 3 | 3 |
| Mythology | 1 | 2 | 1 | 0 | 30 | 39 | 68.67 | 3 | 3 |
| Fine Arts - Other Fine Arts | 1 | 1 | 0 | 1 | 25 | 67 | 109.50 | 1 | 2 |
| Literature - World Literature | 1 | 1 | 0 | 0 | 25 | 70 | 76.00 | 1 | 2 |
| Geography | 0 | 2 | 0 | 1 | 20 | 77 | 103.00 | 1 | 2 |
| Literature - American Literature | 1 | 0 | 0 | 0 | 15 | 44 | 44.00 | 1 | 1 |
| History - Other History | 0 | 2 | 1 | 1 | 15 | 75 | 106.50 | 1 | 2 |
| Philosophy | 1 | 0 | 0 | 0 | 15 | 50 | 50.00 | 1 | 1 |
| Literature - British Literature | 0 | 1 | 0 | 0 | 10 | 91 | 91.00 | 1 | 1 |
| Fine Arts - Visual Fine Arts | 0 | 1 | 0 | 0 | 10 | 84 | 84.00 | 1 | 1 |
| Literature - European Literature | 0 | 1 | 0 | 0 | 10 | 95 | 95.00 | 0 | 1 |
| Social Science | 0 | 1 | 1 | 1 | 5 | 127 | 127.00 | 1 | 1 |